¿Que (nos) hace un cuento? /
محفوظ في:
| المؤلف الرئيسي: | |
|---|---|
| التنسيق: | غير معروف |
| اللغة: | Spanish |
| الموضوعات: | |
| الوسوم: |
إضافة وسم
لا توجد وسوم, كن أول من يضع وسما على هذه التسجيلة!
|
MARC
| LEADER | 000000000a22000000004500 | ||
|---|---|---|---|
| 001 | 006741 | ||
| 041 | 0 | |a spa | |
| 100 | 1 | |a Solano, Ronald | |
| 245 | 1 | 1 | |a ¿Que (nos) hace un cuento? / |c Ronald Solano. |
| 650 | 4 | |a LITERATURA HISPANOAMERICANA | |
| 650 | 4 | |a CUENTOS | |
| 650 | 4 | |a BONGO | |
| 650 | 4 | |a ESTILO NARRATIVO | |
| 650 | 4 | |a FORMA NARRATIVA | |
| 650 | 4 | |a ESTRUCTURA NARRATIVA | |
| 650 | 4 | |a CORTAZAR, JULIO, 1914-1984 | |
| 650 | 4 | |a BORGES, JORGE LUIS, 1899-1986 | |
| 773 | 0 | |x 9977675317 |d San José, Costa Rica : Editorial de la Universidad de Costa Rica |t Cien años de literatura hispanoamericana: 1898-1998 |g (1998), páginas 76-84 | |
| 942 | |c AM | ||
| 999 | |c 15549 |d 15549 | ||
